| 000 | 00400nam a2200169Ia 4500 | ||
|---|---|---|---|
| 999 |
_c1489 _d1489 |
||
| 003 | OSt | ||
| 005 | 20190928141951.0 | ||
| 008 | 190723s9999 xx 000 0 und d | ||
| 020 | _a978-0-07-107052-2 | ||
| 040 | _cMAJU | ||
| 100 | _aStephen J.Chapman | ||
| 245 | 0 | _aElectric Machinery Fundamentals | |
| 250 | _a4th | ||
| 260 |
_aIndia _bMcGraw Hill _c2015 |
||
| 300 | _a746:p | ||
| 942 |
_cBK _2ddc |
||